000 00972nam a2200277Ia 4500
003 OSt
005 20221005112236.0
006 a|||||r|||| 00| 0
007 ta
008 221004b |||||||| |||| 00| 0 pan d
020 _a9788171435579 (hbk)
_c120
024 _a117013
037 _b562, 02/02/2012, H.K. Prakashan
_cTextual
040 _aCRL
_cCRL
_bpan
041 _2pan
_apan
082 _aNT44Q7, 153Q2
100 _aਇਸਹਾਕ਼ ਮੁਹੰਮਦ
245 0 _aਮੁਸੱਲੀ
_b ਤਿੱਨ ਐਕਟ ਦਾ ਡਰਾਮਾ
260 _aਅੰਮ੍ਰਿਤਸਰ
_bਰਵੀ ਸਾਹਿਤ ਪ੍ਰਕਾਨ ਭਾਰਤ
_c2012
300 _a112ਪੰ
_ccm.
650 _a ਰੰਗਮੰਚ
650 _a ਰੰਗਮੰਚ
650 _aਵਧੀਆ ਕਲਾ
_9156314
942 _hNT44Q7, 153Q2
_cTEXL
_2cc
999 _c1024300
_d1024300